[Event "Chess24 Banter Blitz Cup"]
[Site "chess24.com INT"]
[Date "2020.03.02"]
[Round "3.7"]
[White "Abasov, Nijat"]
[Black "Jones, Gawain C B"]
[Result "1/2-1/2"]
[WhiteTitle "GM"]
[BlackTitle "GM"]
[WhiteElo "2632"]
[BlackElo "2688"]
[WhiteFideId "13402960"]
[BlackFideId "409561"]
[EventDate "2019.09.25"]
[EventType "blitz"]

1. e4 c5 2. c3 d5 3. exd5 Qxd5 4. Nf3 Nc6 5. Na3 Bf5 6. d4 cxd4 7. Nb5 O-O-O 8.
cxd4 e5 9. Nc3 Bb4 10. Bd2 Bxc3 11. bxc3 exd4 12. cxd4 Bg4 13. Be2 Bxf3 14. Bxf3
Qxd4 15. Rc1 Nf6 16. Bxc6 bxc6 17. O-O Qxd2 18. Qa4 Kb8 19. Rb1+ Kc7 20. Qxa7+
Kd6 21. Rfd1 Qxd1+ 22. Rxd1+ Nd5 23. Qxf7 Rd7 24. Qf4+ Kc5 25. Rc1+ Kb6 26. Qd4+
Kb7 27. Rb1+ Kc8 28. Qc4 Kc7 29. a4 Ra8 30. g3 Rd6 31. Re1 h5 32. Kg2 g6 33. h4
Rf6 34. Re2 Raf8 35. a5 Rxf2+ 36. Rxf2 Ne3+ 37. Kg1 Rxf2 38. Qc5 Rf1+ 39. Kh2
Rf2+ 40. Kg1 Rf1+ 41. Kh2 Rf2+ 42. Kg1 1/2-1/2

[Event "Chess24 Banter Blitz Cup"]
[Site "chess24.com INT"]
[Date "2020.03.02"]
[Round "3.8"]
[White "Jones, Gawain C B"]
[Black "Abasov, Nijat"]
[Result "1-0"]
[WhiteTitle "GM"]
[BlackTitle "GM"]
[WhiteElo "2688"]
[BlackElo "2632"]
[WhiteFideId "409561"]
[BlackFideId "13402960"]
[EventDate "2019.09.25"]
[EventType "blitz"]

1. e4 Nf6 2. e5 Nd5 3. c4 Nb6 4. d4 d6 5. f4 dxe5 6. fxe5 Nc6 7. Be3 Bf5 8. Nc3
e6 9. Nf3 Be7 10. Be2 O-O 11. O-O f6 12. exf6 Bxf6 13. b3 Qe7 14. Qd2 Rad8 15.
Rad1 Rd7 16. Qe1 h6 17. Qf2 Rfd8 18. Rd2 Qb4 19. Rc1 Bh7 20. h3 Kh8 21. Bf1 Rf8
22. Ne2 Qa5 23. Qe1 Be7 24. Nf4 Bb4 25. Nxe6 Re8 26. d5 Nd8 27. Nfd4 c5 28. a3
Bxd2 29. Bxd2 Qxa3 30. Ra1 Qxa1 31. Qxa1 cxd4 32. Nxd4 Nc8 33. Qa4 Nb6 34. Qxa7
Nc8 35. Qa4 Rde7 36. c5 Re4 37. Qd7 Bg6 38. Nb5 Nf7 39. Qxb7 R4e7 40. Qc6 Rd8
41. Qxg6 Rxd5 42. Bb4 Rg5 43. Qc6 Na7 44. Qa8+ Kh7 45. Nxa7 Re4 46. Bc3 Re3 47.
Bd2 Re8 48. Bd3+ 1-0

[Event "Chess24 Banter Blitz Cup"]
[Site "chess24.com INT"]
[Date "2020.03.02"]
[Round "3.9"]
[White "Abasov, Nijat"]
[Black "Jones, Gawain C B"]
[Result "0-1"]
[WhiteTitle "GM"]
[BlackTitle "GM"]
[WhiteElo "2632"]
[BlackElo "2688"]
[WhiteFideId "13402960"]
[BlackFideId "409561"]
[EventDate "2019.09.25"]
[EventType "blitz"]

1. Nc3 g6 2. e4 c5 3. d4 cxd4 4. Qxd4 Nf6 5. Nf3 Nc6 6. Qa4 d6 7. e5 dxe5 8.
Nxe5 Bd7 9. Nxd7 Qxd7 10. Be2 Bg7 11. Be3 O-O 12. Rd1 Qf5 13. O-O Rac8 14. Rd2
a6 15. Rfd1 h5 16. h3 Rfe8 17. Nd5 Nxd5 18. Rxd5 Qe6 19. c3 Ne5 20. Qb3 b5 21.
a4 Nc4 22. Bxc4 bxc4 23. Qb6 Rc6 24. Qb7 Bf6 25. Rd8 Rxd8 26. Rxd8+ Kh7 27. a5
Qe4 28. Rd1 Qc2 29. Qxc6 Qxd1+ 30. Kh2 Qd6+ 31. Qxd6 exd6 32. Kg3 g5 33. Kf3 d5
34. g4 Kg6 35. Bb6 Be5 36. Ke3 f5 37. f3 hxg4 38. hxg4 f4+ 39. Kd2 Bf6 40. Kc2
Kf7 41. b3 Ke6 42. bxc4 dxc4 43. Kb2 Kd5 44. Kc2 Kc6 45. Kb2 Kb5 46. Bc7 Be7 47.
Bb6 Kc6 48. Kc2 Bd6 49. Bd8 Bc7 50. Bxg5 Kd5 51. Be7 Bxa5 52. g5 Ke6 53. Bc5 Kf5
54. Be7 Bc7 55. Bf6 Bd6 56. Kb2 a5 57. Ka2 a4 58. Bd8 Be5 59. Bf6 Bxf6 60. gxf6
Kxf6 61. Ka3 Kg5 62. Kxa4 Kh4 63. Kb4 Kg3 64. Kxc4 Kxf3 65. Kd5 Ke3 66. c4 f3
67. c5 f2 68. c6 f1=Q 69. Kd6 Qf5 70. Kc7 Qe6 71. Kb7 Qd5 72. Kb6 Qb3+ 73. Ka7
Qa4+ 74. Kb7 Qb5+ 75. Kc8 Qxc6+ 76. Kd8 Qb7 77. Ke8 Ke4 78. Kf8 Ke5 79. Kg8 Kf6
80. Kh8 Qg7# 0-1

[Event "Chess24 Banter Blitz Cup"]
[Site "chess24.com INT"]
[Date "2020.03.02"]
[Round "3.10"]
[White "Jones, Gawain C B"]
[Black "Abasov, Nijat"]
[Result "0-1"]
[WhiteTitle "GM"]
[BlackTitle "GM"]
[WhiteElo "2688"]
[BlackElo "2632"]
[WhiteFideId "409561"]
[BlackFideId "13402960"]
[EventDate "2019.09.25"]
[EventType "blitz"]

1. e4 c5 2. Nf3 e6 3. g3 Nc6 4. Bg2 Nf6 5. d3 d5 6. Qe2 Be7 7. O-O O-O 8. e5 Nd7
9. c4 dxc4 10. dxc4 Qc7 11. Bf4 b6 12. Nc3 a6 13. Ne4 Bb7 14. Nd6 Bxd6 15. exd6
Qb8 16. Rad1 e5 17. Bg5 f6 18. Bc1 Nd4 19. Nxd4 cxd4 20. Bxb7 Qxb7 21. b3 Qc6
22. Ba3 Rae8 23. Rc1 a5 24. c5 bxc5 25. Bxc5 Nxc5 26. Qc4+ Rf7 27. Qxc5 Qxc5 28.
Rxc5 Rd7 29. Rxa5 Rxd6 30. f3 Rc8 31. Rf2 h6 32. Rd2 Kf7 33. Kf2 Ke6 34. b4 Rc1
35. a4 Rb1 36. Rb5 Ra1 37. a5 g5 38. g4 Rc6 39. Rb8 Rcc1 40. Ke2 Re1+ 41. Kd3
Rac1 42. Rc2 Red1+ 43. Ke2 d3+ 44. Ke3 Rxc2 0-1

[Event "Chess24 Banter Blitz Cup"]
[Site "chess24.com INT"]
[Date "2020.03.02"]
[Round "3.11"]
[White "Abasov, Nijat"]
[Black "Jones, Gawain C B"]
[Result "1-0"]
[WhiteTitle "GM"]
[BlackTitle "GM"]
[WhiteElo "2632"]
[BlackElo "2688"]
[WhiteFideId "13402960"]
[BlackFideId "409561"]
[EventDate "2019.09.25"]
[EventType "blitz"]

1. c4 Nf6 2. Nc3 g6 3. g3 Bg7 4. Bg2 O-O 5. e4 c5 6. Nge2 Nc6 7. O-O d6 8. d3
Rb8 9. Be3 Ng4 10. Bd2 a6 11. h3 Nge5 12. Be3 b5 13. f4 Nd7 14. Qd2 Nd4 15. cxb5
axb5 16. Bxd4 cxd4 17. Nd5 Bb7 18. Nb4 Nc5 19. Kh2 e6 20. Rac1 Qa5 21. Rc2 f5
22. exf5 Bxg2 23. Kxg2 gxf5 24. Ng1 Rf6 25. Nf3 Qa8 26. Kh2 Rg6 27. Nh4 Rh6 28.
Qg2 Bf6 29. Qxa8 Rxa8 30. Nf3 e5 31. fxe5 Be7 32. Nxd4 Bf8 33. Nxf5 Re6 34. exd6
Nb7 35. d7 Rd8 36. Nd5 Rxd7 37. Nf4 Rf6 38. g4 Nc5 39. Kg2 Nxd3 40. Nxd3 Rxd3
41. Rc8 Rd2+ 42. Rf2 Rxf2+ 43. Kxf2 b4 44. Ra8 Re6 45. a3 bxa3 46. bxa3 Kf7 47.
Ra7+ Kg6 48. Kf3 h5 49. Nh4+ Kg5 50. Ra5+ Kf6 51. Rxh5 Bxa3 52. Rh6+ Kf7 53.
Rxe6 Kxe6 54. Ng2 Kf6 55. Nf4 Bc1 56. h4 Ke5 57. Ne2 Bh6 58. Ng3 Kf6 59. g5+
Bxg5 60. Ne4+ Kg6 61. hxg5 Kf5 62. Kg3 1-0

[Event "Chess24 Banter Blitz Cup"]
[Site "chess24.com INT"]
[Date "2020.03.02"]
[Round "3.12"]
[White "Jones, Gawain C B"]
[Black "Abasov, Nijat"]
[Result "0-1"]
[WhiteTitle "GM"]
[BlackTitle "GM"]
[WhiteElo "2688"]
[BlackElo "2632"]
[WhiteFideId "409561"]
[BlackFideId "13402960"]
[EventDate "2019.09.25"]
[EventType "blitz"]

1. e4 c5 2. Nf3 Nf6 3. e5 Nd5 4. g3 Nc6 5. Bg2 d6 6. exd6 Qxd6 7. O-O Bg4 8. h3
Bh5 9. g4 Bg6 10. d4 e6 11. Nc3 Nxc3 12. bxc3 Rd8 13. Rb1 Qc7 14. Nh4 cxd4 15.
Nxg6 hxg6 16. cxd4 Rxd4 17. Bxc6+ Qxc6 18. Qe2 Rxh3 19. f3 Rxg4+ 20. fxg4 Bc5+
21. Be3 Bxe3+ 0-1

[Event "Chess24 Banter Blitz Cup"]
[Site "chess24.com INT"]
[Date "2020.03.02"]
[Round "3.13"]
[White "Abasov, Nijat"]
[Black "Jones, Gawain C B"]
[Result "1-0"]
[WhiteTitle "GM"]
[BlackTitle "GM"]
[WhiteElo "2632"]
[BlackElo "2688"]
[WhiteFideId "13402960"]
[BlackFideId "409561"]
[EventDate "2019.09.25"]
[EventType "blitz"]

1. c4 Nf6 2. Nc3 g6 3. g3 Bg7 4. Bg2 O-O 5. e4 d6 6. Nge2 c5 7. O-O Nc6 8. d3 a6
9. h3 Rb8 10. f4 Bd7 11. a4 Ne8 12. Be3 Nc7 13. d4 cxd4 14. Nxd4 Nxd4 15. Bxd4
Bxd4+ 16. Qxd4 a5 17. b3 Qc8 18. Kh2 Re8 19. Rad1 Ne6 20. Qf2 Qc5 21. Qb2 Bc6
22. f5 Ng7 23. Nd5 Bxd5 24. Rxd5 Qc7 25. fxg6 hxg6 26. h4 e5 27. Bh3 Ne6 28.
Bxe6 fxe6 29. Rd2 Rf8 30. Rdf2 Rxf2+ 31. Qxf2 Qg7 32. Kh3 b6 33. Qf6 Re8 34. Qg5
Kh7 35. Rf6 d5 36. h5 Rf8 37. Rxg6 1-0

[Event "Chess24 Banter Blitz Cup"]
[Site "chess24.com INT"]
[Date "2020.03.02"]
[Round "3.14"]
[White "Jones, Gawain C B"]
[Black "Abasov, Nijat"]
[Result "0-1"]
[WhiteTitle "GM"]
[BlackTitle "GM"]
[WhiteElo "2688"]
[BlackElo "2632"]
[WhiteFideId "409561"]
[BlackFideId "13402960"]
[EventDate "2019.09.25"]
[EventType "blitz"]

1. e4 c5 2. Nf3 Nf6 3. e5 Nd5 4. Nc3 e6 5. g3 Nc6 6. Bg2 d6 7. exd6 Bxd6 8. O-O
O-O 9. h3 Nxc3 10. dxc3 Qc7 11. Qe2 b6 12. b3 Bb7 13. Bb2 Ne5 14. c4 Nxf3+ 15.
Bxf3 Bxf3 16. Qxf3 Be5 17. Bxe5 Qxe5 18. a4 Rad8 19. a5 Rd2 20. Qb7 Qb8 21. Qxb8
Rxb8 22. axb6 axb6 23. Ra2 g5 24. Rfa1 Kg7 25. Ra8 Rxa8 26. Rxa8 Rxc2 27. Rb8
Rb2 28. Rxb6 h5 29. g4 hxg4 30. hxg4 Kf6 31. Kg2 Ke5 32. Kg3 f5 33. Rb5 Ke4 34.
f3+ Kd4 35. gxf5 exf5 36. Rb8 Kc3 37. Rc8 Kd4 38. Rd8+ Ke3 39. Re8+ Kd4 40. Rd8+
Ke3 41. Rd5 f4+ 42. Kg4 Rg2+ 43. Kf5 Kxf3 44. Rd3+ Ke2 45. Rc3 f3 46. Ke4 f2 47.
Rc2+ Kd1 48. Ra2 f1=Q 49. Ra1+ Ke2 50. Ra2+ Ke1 51. Ra1+ Kf2 52. Rxf1+ Kxf1 53.
Kd5 Rb2 54. Kxc5 Rxb3 55. Kd4 g4 56. c5 g3 57. Kc4 Rb1 58. c6 Rc1+ 59. Kd5 g2
60. c7 g1=Q 61. c8=Q Rxc8 0-1

[Event "Chess24 Banter Blitz Cup"]
[Site "chess24.com INT"]
[Date "2020.03.06"]
[Round "3.1"]
[White "Bacrot, Etienne"]
[Black "Iturrizaga Bonelli, Eduardo"]
[Result "1-0"]
[WhiteTitle "GM"]
[BlackTitle "GM"]
[WhiteElo "2671"]
[BlackElo "2629"]
[WhiteFideId "605506"]
[BlackFideId "3901211"]
[EventDate "2019.09.25"]
[EventType "blitz"]

1. e4 c5 2. Nf3 Nc6 3. c3 Nf6 4. e5 Nd5 5. Bc4 Nb6 6. Bb3 g6 7. d4 cxd4 8. cxd4
Bg7 9. Nc3 O-O 10. h4 d5 11. h5 Bg4 12. hxg6 fxg6 13. Be3 e6 14. Qe2 Rc8 15. Nb5
Na5 16. Nd6 Rc7 17. Bd2 Nc6 18. Bc3 a6 19. Qe3 Bxf3 20. gxf3 Nc8 21. Nxc8 Qxc8
22. f4 Rcf7 23. Rh4 b5 24. a3 a5 25. Rc1 Qd8 26. Qh3 b4 27. axb4 axb4 28. Bd2
Nxd4 29. Bd1 h5 30. Qh1 Nf5 31. Rh3 Bh6 32. Qg2 Kh7 33. Rc6 Qd7 34. Rb6 Ne7 35.
Rxb4 Qc7 36. Ra4 Nf5 37. Raa3 Rg8 38. Rac3 Qe7 39. Rcf3 Qe8 40. Qh2 Rfg7 41.
Rfg3 Qd8 42. Rxh5 Nxg3 43. Rxh6# 1-0

[Event "Chess24 Banter Blitz Cup"]
[Site "chess24.com INT"]
[Date "2020.03.06"]
[Round "3.3"]
[White "Bacrot, Etienne"]
[Black "Iturrizaga Bonelli, Eduardo"]
[Result "1-0"]
[WhiteTitle "GM"]
[BlackTitle "GM"]
[WhiteElo "2671"]
[BlackElo "2629"]
[WhiteFideId "605506"]
[BlackFideId "3901211"]
[EventDate "2019.09.25"]
[EventType "blitz"]

1. e4 c5 2. Nf3 Nc6 3. d4 cxd4 4. Nxd4 g6 5. c4 Nf6 6. Nc3 Nxd4 7. Qxd4 d6 8.
Be2 Bg7 9. Bg5 O-O 10. Qd2 a5 11. O-O a4 12. Rad1 Be6 13. f4 Qb6+ 14. Kh1 Rfc8
15. e5 Ne8 16. Bxe7 dxe5 17. Nd5 Qd4 18. Qxd4 exd4 19. Nb6 Rc7 20. Nxa8 Rxe7 21.
Bd3 Nd6 22. Nb6 Nf5 23. Bxf5 Bxf5 24. Rfe1 Rxe1+ 25. Rxe1 Kf8 26. h3 d3 27. Rd1
Bxb2 28. Nd5 Kg7 29. Kg1 a3 30. Kf2 Be4 31. g4 Bd4+ 32. Kg3 b5 33. cxb5 h5 34.
Nb4 h4+ 35. Kh2 d2 36. Rxd2 Bc3 37. Re2 Bb7 38. Nc6 Bc8 39. g5 Be6 40. Re3 Bd2
41. Rxa3 Bxf4+ 42. Kh1 Bd5+ 43. Kg1 Bxg5 44. Kf2 Bf6 45. Nb4 Bc4 46. b6 Bd4+ 47.
Kf3 Bxb6 48. Ke4 Be6 49. Nd5 Bf2 50. Rf3 Bf5+ 51. Rxf5 gxf5+ 52. Kf3 Bd4 53. Ne3
Be5 54. Nxf5+ Kf6 55. Nxh4 Bd6 56. Ng2 Ba3 57. Ne3 Kg6 58. Ng4 Kh5 59. Nf2 Kh4
60. Nd3 Kxh3 61. Ne5 Kh4 62. Nxf7 Kh5 63. Ne5 Kg5 64. Nd3 Kf5 65. Nf2 1-0

[Event "Chess24 Banter Blitz Cup"]
[Site "chess24.com INT"]
[Date "2020.03.06"]
[Round "3.5"]
[White "Bacrot, Etienne"]
[Black "Iturrizaga Bonelli, Eduardo"]
[Result "1-0"]
[WhiteTitle "GM"]
[BlackTitle "GM"]
[WhiteElo "2671"]
[BlackElo "2629"]
[WhiteFideId "605506"]
[BlackFideId "3901211"]
[EventDate "2019.09.25"]
[EventType "blitz"]

1. e4 c5 2. Nf3 Nc6 3. Bb5 Na5 4. O-O a6 5. Be2 b5 6. c3 Bb7 7. d3 g6 8. Be3 d6
9. Nbd2 Bg7 10. d4 cxd4 11. cxd4 Nf6 12. Bd3 O-O 13. h3 Rc8 14. Re1 Nc4 15. Bxc4
bxc4 16. Qc2 Qa5 17. d5 c3 18. Nb3 cxb2 19. Qxb2 Qb4 20. Bd4 Rc7 21. Rac1 Rfc8
22. Rxc7 Rxc7 23. Re2 a5 24. e5 dxe5 25. Bxe5 Rd7 26. d6 Bxf3 27. gxf3 a4 28.
Nd4 Qxb2 29. Rxb2 Ne8 30. Rb8 Bxe5 31. Rxe8+ Kg7 32. dxe7 Rxe7 33. Rxe7 Bxd4 34.
Re4 1-0

[Event "Chess24 Banter Blitz Cup"]
[Site "chess24.com INT"]
[Date "2020.03.06"]
[Round "3.8"]
[White "Iturrizaga Bonelli, Eduardo"]
[Black "Bacrot, Etienne"]
[Result "1/2-1/2"]
[WhiteTitle "GM"]
[BlackTitle "GM"]
[WhiteElo "2629"]
[BlackElo "2671"]
[WhiteFideId "3901211"]
[BlackFideId "605506"]
[EventDate "2019.09.25"]
[EventType "blitz"]

1. c4 g6 2. g3 Bg7 3. Bg2 Nc6 4. Nc3 e5 5. d3 Nf6 6. e4 O-O 7. Nge2 d6 8. O-O
Nh5 9. Nd5 f5 10. exf5 Bxf5 11. Be3 Qd7 12. Qb3 Rab8 13. Rae1 Kh8 14. Qd1 a6 15.
d4 Rbe8 16. b3 Bh3 17. dxe5 Nxe5 18. Nef4 Bxg2 19. Kxg2 Nxf4+ 20. Bxf4 c6 21.
Bxe5 Bxe5 22. Ne3 Bg7 23. Qd3 Re6 24. f4 Rfe8 25. Nc2 b5 26. Rxe6 Rxe6 27. f5
gxf5 28. Rxf5 Qe7 29. Rf2 Re4 30. Nb4 c5 31. Nd5 Qe5 32. Qf1 Kg8 33. Rf5 Re2+
34. Kh3 Qe6 35. Qf3 Re5 36. g4 h5 37. Rxe5 Bxe5 38. Qf5 hxg4+ 39. Kxg4 Qxf5+ 40.
Kxf5 bxc4 41. bxc4 Bxh2 42. Ke6 Kg7 43. Nc7 Kg6 44. Nxa6 Kg5 45. Nc7 Kf4 46. a4
Ke4 47. a5 d5 48. Nxd5 Bb8 49. Nb6 Kd4 50. Kd7 Ba7 51. Kc7 Kc3 52. Kb7 Kb4 53.
Kxa7 Kxa5 54. Kb7 Kb4 55. Kc6 Kc3 56. Kxc5 Kd3 57. Kc6 Kc3 58. c5 Kd3 59. Kd6
Kc3 60. c6 Kd3 61. c7 Ke3 62. c8=Q Kf3 63. Qc4 Kg3 1/2-1/2

[Event "Chess24 Banter Blitz Cup"]
[Site "chess24.com INT"]
[Date "2020.03.06"]
[Round "3.10"]
[White "Iturrizaga Bonelli, Eduardo"]
[Black "Bacrot, Etienne"]
[Result "0-1"]
[WhiteTitle "GM"]
[BlackTitle "GM"]
[WhiteElo "2629"]
[BlackElo "2671"]
[WhiteFideId "3901211"]
[BlackFideId "605506"]
[EventDate "2019.09.25"]
[EventType "blitz"]

1. c4 g6 2. g3 Bg7 3. Bg2 d6 4. Nc3 Nf6 5. d4 O-O 6. Nf3 Nbd7 7. O-O e5 8. Qc2
c6 9. Rd1 Re8 10. b3 Qc7 11. Ba3 a5 12. dxe5 dxe5 13. Bd6 Qb6 14. Na4 Qa6 15.
Rac1 b6 16. e4 Bb7 17. h3 c5 18. Nc3 Bc6 19. Nd5 Qb7 20. Qe2 Re6 21. Ne7+ Rxe7
22. Bxe7 Nxe4 23. Bh4 Nf8 24. g4 Ne6 25. Bg3 f6 26. Bh2 Re8 27. Qe3 Nd4 28. Nxd4
exd4 29. Qf4 Nc3 30. Bxc6 Qxc6 31. Re1 Ne2+ 32. Rxe2 Rxe2 33. Rd1 Qe6 34. Qb8+
Bf8 35. Bg3 h5 36. gxh5 gxh5 37. Qb7 Qxh3 38. Qf3 Re7 39. Qg2 Qxg2+ 40. Kxg2 Rg7
41. Rh1 Rg6 42. Kf3 h4 43. Bf4 f5 44. Bd2 Be7 45. Be1 Kf7 46. Bd2 Ke6 47. Be1
Kd7 48. Rf1 Kc6 49. Ke2 Kd7 50. Kd1 Re6 51. b4 Re2 52. bxc5 Rb2 53. c6+ Kxc6 54.
Kc1 Rxa2 55. Bb4 Ra1+ 56. Kb2 axb4 0-1

[Event "Chess24 Banter Blitz Cup"]
[Site "chess24.com INT"]
[Date "2020.03.03"]
[Round "3.1"]
[White "Fressinet, Laurent"]
[Black "Firouzja, Alireza"]
[Result "0-1"]
[WhiteTitle "GM"]
[BlackTitle "GM"]
[WhiteElo "2633"]
[BlackElo "2702"]
[WhiteFideId "608742"]
[BlackFideId "12573981"]
[EventDate "2019.09.25"]
[EventType "blitz"]

1. d4 Nf6 2. Nf3 d6 3. g3 Bd7 4. Bg2 Qc8 5. h3 c5 6. Nc3 cxd4 7. Nxd4 Nc6 8. e4
g6 9. Be3 Bg7 10. Qd2 O-O 11. g4 Ne5 12. b3 h5 13. g5 Nh7 14. f4 Nc6 15. O-O-O
Re8 16. Kb1 Nxd4 17. Bxd4 Bxd4 18. Qxd4 e5 19. Qd2 exf4 20. Nd5 Bc6 21. Qxf4
Bxd5 22. Rxd5 Qc7 23. Rhd1 Rac8 24. R1d2 Re5 25. h4 Rxd5 26. exd5 Re8 27. Kb2
Nf8 28. Rf2 Re5 29. Qd4 b6 30. Bh3 Qe7 31. Rf4 Qb7 32. Rf6 Qxd5 33. Rxd6 Qxd4+
34. Rxd4 Kg7 35. c4 Re2+ 36. Ka3 f5 37. gxf6+ Kxf6 38. Rf4+ Kg7 39. Bf1 Re3 40.
Kb4 Ne6 41. Rf2 Nd4 42. c5 Re4 43. cxb6 axb6 44. a4 Rxh4 45. Kc4 Rg4 46. b4 Nc2+
47. Kb5 Rxb4+ 48. Kc6 Nd4+ 0-1

[Event "Chess24 Banter Blitz Cup"]
[Site "chess24.com INT"]
[Date "2020.03.03"]
[Round "3.2"]
[White "Firouzja, Alireza"]
[Black "Fressinet, Laurent"]
[Result "1-0"]
[WhiteTitle "GM"]
[BlackTitle "GM"]
[WhiteElo "2702"]
[BlackElo "2633"]
[WhiteFideId "12573981"]
[BlackFideId "608742"]
[EventDate "2019.09.25"]
[EventType "blitz"]

1. Nc3 d5 2. e4 d4 3. Nce2 e5 4. Ng3 Nf6 5. Bc4 Nc6 6. a3 Be6 7. Bxe6 fxe6 8. d3
Bd6 9. Nf3 Qd7 10. O-O O-O-O 11. b4 h6 12. Bb2 g5 13. c3 g4 14. Nd2 dxc3 15.
Bxc3 h5 16. Nc4 h4 17. Ne2 Nd4 18. Bxd4 exd4 19. e5 h3 20. Nxd6+ cxd6 21. exf6
Kb8 22. g3 e5 23. f4 Qc6 24. Rf2 Rdf8 25. Rc1 Qd5 26. Qc2 Rc8 27. Qd2 Rcf8 28.
fxe5 dxe5 29. Qg5 Rf7 30. Rc5 Qb3 31. Qxe5+ Ka8 32. Qf5 a6 33. Rc8+ Rxc8 34.
Qxc8+ Ka7 35. Qc5+ Ka8 36. Qc8+ Ka7 37. Qxg4 1-0

[Event "Chess24 Banter Blitz Cup"]
[Site "chess24.com INT"]
[Date "2020.03.03"]
[Round "3.3"]
[White "Fressinet, Laurent"]
[Black "Firouzja, Alireza"]
[Result "1-0"]
[WhiteTitle "GM"]
[BlackTitle "GM"]
[WhiteElo "2633"]
[BlackElo "2702"]
[WhiteFideId "608742"]
[BlackFideId "12573981"]
[EventDate "2019.09.25"]
[EventType "blitz"]

1. d4 Nf6 2. c4 Nc6 3. Nf3 d6 4. Nc3 e5 5. g3 exd4 6. Nxd4 g6 7. Bg2 Bd7 8. O-O
Bg7 9. b3 h5 10. Bb2 h4 11. Nd5 O-O 12. Qd2 Re8 13. Rfe1 Ne5 14. Rad1 c6 15.
Nxf6+ Qxf6 16. Ba1 h3 17. Bh1 Bg4 18. f4 Nd7 19. Bf3 Bxf3 20. Nxf3 Qe7 21. Bxg7
Kxg7 22. e4 Nf6 23. Qxd6 Qxd6 24. Rxd6 Nxe4 25. Rd7 Nc5 26. Rde7 Rxe7 27. Rxe7
Kf6 28. Re2 Ne6 29. Ne5 Rd8 30. Ng4+ Kf5 31. Nf2 g5 32. Re5+ Kf6 33. Ne4+ Kg7
34. Nxg5 Rd1+ 35. Kf2 Rd2+ 36. Re2 Rxe2+ 37. Kxe2 Nd4+ 38. Kd3 Nf5 39. Nxh3 Kg6
40. Nf2 Ne7 41. Ne4 f5 42. Nd6 b6 43. b4 Kf6 44. c5 Ke6 45. Nc4 Nd5 46. cxb6
axb6 47. a3 b5 48. Ne5 Kd6 49. Nf3 Nf6 50. Nd4 Ng4 51. Nxf5+ Ke6 52. Ne3 Nxh2
53. Ke2 1-0

[Event "Chess24 Banter Blitz Cup"]
[Site "chess24.com INT"]
[Date "2020.03.03"]
[Round "3.4"]
[White "Firouzja, Alireza"]
[Black "Fressinet, Laurent"]
[Result "1-0"]
[WhiteTitle "GM"]
[BlackTitle "GM"]
[WhiteElo "2702"]
[BlackElo "2633"]
[WhiteFideId "12573981"]
[BlackFideId "608742"]
[EventDate "2019.09.25"]
[EventType "blitz"]

1. Nc3 e5 2. Nf3 Nc6 3. d4 exd4 4. Nxd4 Nf6 5. g3 Bb4 6. Bg2 O-O 7. O-O Re8 8.
Nd5 Nxd5 9. Bxd5 Nxd4 10. Qxd4 Bf8 11. Qc4 Qf6 12. Qxc7 d6 13. Be3 Bh3 14. Rfc1
Re7 15. Qc3 Qxc3 16. bxc3 Be6 17. c4 Rc7 18. a4 g6 19. a5 Bg7 20. Rab1 Bxd5 21.
cxd5 Bc3 22. Rb5 a6 23. Bb6 Rc4 24. Rb3 Re8 25. e3 Bd2 26. Rcb1 Rxc2 27. R3b2
Rxb2 28. Rxb2 Bc3 29. Rc2 Bb4 30. Rc7 Rb8 31. Kf1 Kf8 32. Ke2 Ke8 33. Kd3 Be1
34. e4 Bb4 35. f4 h5 36. e5 dxe5 37. fxe5 Rd8 38. d6 f6 39. Re7+ Kf8 40. Bxd8 1-0

[Event "Chess24 Banter Blitz Cup"]
[Site "chess24.com INT"]
[Date "2020.03.03"]
[Round "3.5"]
[White "Fressinet, Laurent"]
[Black "Firouzja, Alireza"]
[Result "1-0"]
[WhiteTitle "GM"]
[BlackTitle "GM"]
[WhiteElo "2633"]
[BlackElo "2702"]
[WhiteFideId "608742"]
[BlackFideId "12573981"]
[EventDate "2019.09.25"]
[EventType "blitz"]

1. d4 Nf6 2. c4 c5 3. d5 e5 4. Nc3 d6 5. e4 g6 6. h3 Bg7 7. Nf3 O-O 8. g4 Nbd7
9. Be3 a6 10. a4 Kh8 11. Be2 Ng8 12. h4 Ndf6 13. h5 Nxg4 14. hxg6 N8f6 15. gxf7
Nxe3 16. fxe3 Ng4 17. Qd2 Rxf7 18. O-O-O Nf2 19. Nh4 Nxh1 20. Rxh1 Bf6 21. Nf5
Bg5 22. Bh5 Rf6 23. Bg4 Qf8 24. Kb1 Bd7 25. Qh2 h6 26. Qh5 Be8 27. Qxg5 Rg6 28.
Rxh6+ Rxh6 29. Nxh6 Qf1+ 30. Bd1 Bxa4 31. Nf5 1-0

[Event "Chess24 Banter Blitz Cup"]
[Site "chess24.com INT"]
[Date "2020.03.03"]
[Round "3.6"]
[White "Firouzja, Alireza"]
[Black "Fressinet, Laurent"]
[Result "1-0"]
[WhiteTitle "GM"]
[BlackTitle "GM"]
[WhiteElo "2702"]
[BlackElo "2633"]
[WhiteFideId "12573981"]
[BlackFideId "608742"]
[EventDate "2019.09.25"]
[EventType "blitz"]

1. Nc3 Nf6 2. Nf3 Nc6 3. d4 d5 4. Bf4 Bf5 5. e3 a6 6. Be2 e6 7. Nh4 Be4 8. Nxe4
dxe4 9. Bg5 Be7 10. g3 Nd5 11. Bxe7 Qxe7 12. Ng2 Qb4+ 13. Qd2 Qxb2 14. O-O Qc3
15. Qc1 Ncb4 16. a3 Nc6 17. Rb1 Na5 18. f3 exf3 19. Rxf3 O-O 20. Kh1 Nf6 21. Bd3
e5 22. Rxf6 gxf6 23. Qd1 Qc6 24. Qg4+ Kh8 25. Qf5 1-0

[Event "Chess24 Banter Blitz Cup"]
[Site "chess24.com INT"]
[Date "2020.03.03"]
[Round "3.7"]
[White "Fressinet, Laurent"]
[Black "Firouzja, Alireza"]
[Result "0-1"]
[WhiteTitle "GM"]
[BlackTitle "GM"]
[WhiteElo "2633"]
[BlackElo "2702"]
[WhiteFideId "608742"]
[BlackFideId "12573981"]
[EventDate "2019.09.25"]
[EventType "blitz"]

1. d4 Nf6 2. c4 e6 3. Nf3 d5 4. Nc3 Be7 5. g3 O-O 6. Bg2 dxc4 7. O-O Nc6 8. Bg5
Nd5 9. Bxe7 Ncxe7 10. Qc2 b6 11. Ne5 Ba6 12. Ne4 Nf5 13. Rfd1 Bb7 14. Nxc4 Qe7
15. Ne5 Nde3 16. fxe3 Nxe3 17. Qd2 Nxg2 18. Nc3 c5 19. Nf3 Rad8 20. e4 cxd4 21.
Nxd4 Qc5 22. Qf2 e5 23. Nf5 Nf4 24. Qxc5 bxc5 25. gxf4 exf4 26. Nd5 g6 27. Nf6+
Kh8 28. Nd6 Kg7 29. e5 Bc6 30. Rac1 Bf3 31. Rd2 Rb8 32. Rxc5 Rfd8 33. Rc7 Rf8
34. Kf2 Ba8 35. b3 Rbd8 36. Rxa7 g5 37. Rc2 Kg6 38. Rcc7 Rxd6 39. Rxf7 Rd2+ 40.
Ke1 Rxf7 41. Rxf7 Kxf7 42. Kxd2 h6 43. Ng4 Ke6 44. Nf2 Kxe5 45. Ng4+ Kf5 46.
Nxh6+ Kg6 47. Ng4 Kf5 48. Nf2 g4 49. Nd1 g3 50. hxg3 fxg3 51. Ne3+ Kf4 52. a4
Be4 53. b4 Kf3 54. b5 Kf2 55. b6 Bb7 56. a5 Kf3 57. a6 Bxa6 0-1